Jazz on compact disc : a critical guide to the best recordings /

Bibliographic Details
Main Author: Harris, Steve
Format: Book
Language:English
Published: New York : Harmony Books, [1987]
Edition:1st American ed.
Subjects:

MARC

Tag First Indicator Second Indicator Subfields
LEADER 00000cam a2200000 a 4500
001 in00000018946
005 20151007054119.0
008 870227r1987 nyua b 00110 eng
010 |a  87007383  
020 |a 0517566885 (pbk.) :  |c $13.95 
035 |a (OCoLC)15316776 
035 |9 AAB4027AM 
040 |a DLC  |c DLC  |d TXA  |d UtOrBLW 
049 |a TXAM  |c [A11495273] 
050 0 0 |a ML156.4.J3  |b H31 1987 
082 0 |a 789.9/136542  |2 19 
100 1 |a Harris, Steve. 
245 1 0 |a Jazz on compact disc :  |b a critical guide to the best recordings /  |c Steve Harris. 
250 |a 1st American ed. 
264 1 |a New York :  |b Harmony Books,  |c [1987] 
264 4 |c ©1987 
300 |a 176 pages :  |b color illustrations ;  |c 28 x 14 cm. 
336 |a text  |b txt  |2 rdacontent 
337 |a unmediated  |b n  |2 rdamedia 
338 |a volume  |b nc  |2 rdacarrier 
500 |a Includes index. 
650 0 |a Jazz  |v Discography. 
650 0 |a Compact discs  |v Reviews. 
999 |a MARS 
999 f f |s 8d583976-6807-3560-9036-3c0fa4577ae4  |i fbc5e094-ce4c-3faf-ac32-a93de025e171  |t 0 
952 f f |p ric  |a Texas A&M University  |b Rellis Campus  |c Joint Library Facility  |d Remote Storage  |t 0  |e ML156.4.J3 H31 1987  |h Library of Congress classification  |i unmediated -- volume  |m A14811495273 
998 f f |a ML156.4.J3 H31 1987  |t 0  |l Remote Storage